[Event "Chess.com Bullet op1"]
[Site "Chess.com INT"]
[Date "2020.12.19"]
[Round "21"]
[White "Budisavljevic, Luka"]
[Black "Kane, Jeremy"]
[Result "0-1"]
[WhiteElo "2501"]
[BlackElo "2240"]
[PlyCount "24"]
[EventDate "2020.12.19"]
[EventType "swiss (blitz)"]
[EventRounds "21"]
[EventCountry "USA"]
[SourceTitle "EXT 2022"]
[Source "ChessBase"]
[SourceDate "2021.10.06"]
[SourceVersion "1"]
[SourceVersionDate "2021.10.06"]
[SourceQuality "1"]

1. d4 d5 2. Bf4 Nf6 3. e3 Bg4 4. f3 Bd7 5. c4 c5 6. dxc5 e6 7. Nc3 Bxc5 8. Nh3 Nc6 9. cxd5 Nxd5 10. Nxd5 exd5 11. Qxd5 Qa5+ 12. Kf2 Bxe3+ 0-1

[Event "Chess.com Bullet op1"]
[Site "Chess.com INT"]
[Date "2020.12.19"]
[Round "9"]
[White "Djokic, Mihailo"]
[Black "Kane, Jeremy"]
[Result "0-1"]
[WhiteElo "2227"]
[BlackElo "2240"]
[PlyCount "100"]
[EventDate "2020.12.19"]
[EventType "swiss (blitz)"]
[EventRounds "21"]
[EventCountry "USA"]
[SourceTitle "EXT 2022"]
[Source "ChessBase"]
[SourceDate "2021.10.06"]
[SourceVersion "1"]
[SourceVersionDate "2021.10.06"]
[SourceQuality "1"]

1. e4 e5 2. Nf3 Nc6 3. Nc3 Nf6 4. Bb5 Bc5 5. Nxe5 Bxf2+ 6. Kxf2 Nxe5 7. Be2 c5 8. Rf1 d6 9. Kg1 0-0 10. d4 cxd4 11. Qxd4 Qb6 12. Qxb6 axb6 13. Be3 Nfd7 14. Rfd1 Nc5 15. Rxd6 Bg4 16. Bxg4 Nxg4 17. Rxb6 Ne6 18. Rxb7 Rfd8 19. h3 Nxe3 20. Nd5 Nxc2 21. Rc1 Ncd4 22. a3 Ne2+ 23. Kf2 Nxc1 24. Ke3 Kf8 25. Nc3 Rac8 26. Nd5 Nd3 27. a4 Ndc5 28. Rb4 Rd7 29. Nb6 Rd3+ 30. Ke2 Rcd8 31. Nc4 Nf4+ 32. Kf2 Nxe4+ 33. Kg1 Rd1+ 34. Kh2 h5 35. Ne3 R1d4 36. Rb3 h4 37. Nf5 Rd2 38. Rf3 Rxg2+ 39. Kh1 Ng3+ 40. Rxg3 Rxg3 41. Nxg3 hxg3 42. Kg1 g2 43. Kf2 Rd1 44. Kf3 g1Q 45. Kxf4 Qe1 46. a5 Rd2 47. Kf3 Rf2+ 48. Kg4 Qg1+ 49. Kh5 Rf4 50. a6 Qg6# 0-1

[Event "Chess.com Bullet op1"]
[Site "Chess.com INT"]
[Date "2020.12.19"]
[Round "1"]
[White "Kane, Jeremy"]
[Black "Bommini, Mounika Akshaya"]
[Result "1-0"]
[WhiteElo "2240"]
[BlackElo "2029"]
[PlyCount "99"]
[EventDate "2020.12.19"]
[EventType "swiss (blitz)"]
[EventRounds "21"]
[EventCountry "USA"]
[SourceTitle "EXT 2022"]
[Source "ChessBase"]
[SourceDate "2021.10.06"]
[SourceVersion "1"]
[SourceVersionDate "2021.10.06"]
[SourceQuality "1"]

1. d4 Nf6 2. Bg5 Ne4 3. Bf4 d5 4. e3 Nd6 5. Bd3 Bf5 6. Nf3 Bxd3 7. Qxd3 e6 8. Nbd2 Nd7 9. 0-0 Be7 10. c3 0-0 11. Rae1 f5 12. Ne5 Nf6 13. h3 Nfe4 14. f3 Nxd2 15. Qxd2 g5 16. Bh2 Qe8 17. Nd3 Qg6 18. Be5 Bf6 19. Nc5 Bxe5 20. dxe5 Nf7 21. Nd7 Rfd8 22. Nf6+ Kg7 23. f4 g4 24. hxg4 fxg4 25. g3 h5 26. Rd1 Rh8 27. Qd3 h4 28. Qxg6+ Kxg6 29. Kg2 hxg3 30. Rh1 Nh6 31. Kxg3 Nf5+ 32. Kf2 g3+ 33. Kf3 g2 34. Rhg1 Rh2 35. Rxg2+ Rxg2 36. Rh1 Nxe3 37. Kxe3 Rg3+ 38. Kf2 Rf8 39. Kxg3 Kf5 40. Rh5+ Kg6 41. Rg5+ Kf7 42. Ng4 Rh8 43. Nf6 Rh1 44. Rh5 Rg1+ 45. Kf2 Rb1 46. Rh7+ Kg6 47. Ke3 Rxb2 48. Rxc7 Rc2 49. Kd3 Rxc3+ 50. Kxc3 1-0

[Event "Chess.com Bullet op1"]
[Site "Chess.com INT"]
[Date "2020.12.19"]
[Round "15"]
[White "Kane, Jeremy"]
[Black "Henderson de la Fuente, Lance"]
[Result "0-1"]
[WhiteElo "2240"]
[BlackElo "2491"]
[PlyCount "96"]
[EventDate "2020.12.19"]
[EventType "swiss (blitz)"]
[EventRounds "21"]
[EventCountry "USA"]
[SourceTitle "EXT 2022"]
[Source "ChessBase"]
[SourceDate "2021.10.06"]
[SourceVersion "1"]
[SourceVersionDate "2021.10.06"]
[SourceQuality "1"]

1. d4 Nf6 2. Bg5 e6 3. Nd2 h6 4. Bh4 g5 5. Bg3 d6 6. e3 Bg7 7. Bd3 0-0 8. h4 g4 9. h5 Nc6 10. Ne2 e5 11. c3 Qe7 12. Qc2 a6 13. 0-0-0 b5 14. Ne4 b4 15. Bh4 d5 16. Nxf6+ Bxf6 17. Bxf6 Qxf6 18. Ng3 e4 19. Bf1 a5 20. cxb4 Nxb4 21. Qb3 Ba6 22. Bxa6 Rxa6 23. a3 Nd3+ 24. Rxd3 exd3 25. Qxd3 Rb6 26. Nf5 Rfb8 27. Rh4 Rxb2 28. Rxg4+ Kf8 29. Rf4 Rb1+ 30. Qxb1 Rxb1+ 31. Kxb1 Qb6+ 32. Kc2 Qc6+ 33. Kd2 Qa4 34. Nxh6 Qxa3 35. Rxf7+ Ke8 36. Rf4 Qb4+ 37. Ke2 a4 38. Kf3 a3 39. Nf5 a2 40. h6 a1Q 41. Ng7+ Kd7 42. Nf5 Qd1+ 43. Kg3 Qde1 44. Nh4 Qbd2 45. Nf3 Qdxe3 46. Kg4 Q1xf2 47. h7 Qxg2+ 48. Kf5 Qxf4+ 0-1

[Event "Chess.com Bullet op1"]
[Site "Chess.com INT"]
[Date "2020.12.19"]
[Round "6"]
[White "Karjakin, Sergey"]
[Black "Kane, Jeremy"]
[Result "1/2-1/2"]
[WhiteElo "2752"]
[BlackElo "2240"]
[PlyCount "122"]
[EventDate "2020.12.19"]
[EventType "swiss (blitz)"]
[EventRounds "21"]
[EventCountry "USA"]
[SourceTitle "EXT 2022"]
[Source "ChessBase"]
[SourceDate "2021.10.06"]
[SourceVersion "1"]
[SourceVersionDate "2021.10.06"]
[SourceQuality "1"]

1. e4 e5 2. Nf3 Nc6 3. Bc4 Nf6 4. Ng5 Bc5 5. Bxf7+ Ke7 6. Bb3 Rf8 7. 0-0 d6 8. d3 Bg4 9. Qe1 h6 10. h3 hxg5 11. hxg4 Qd7 12. Qe2 Nd4 13. Qd1 Nxg4 14. Bxg5+ Ke8 15. Nd2 Nxf2 16. Qh5+ Rf7 17. Qxf7+ Qxf7 18. Bxf7+ Kxf7 19. Rxf2+ Kg6 20. Be3 Nxc2 21. Bxc5 Nxa1 22. Be3 Nc2 23. Nc4 Nb4 24. a3 Nxd3 25. Rf3 b5 26. Rg3+ Kf7 27. Nd2 Nxb2 28. Rf3+ Ke6 29. Nb3 Nc4 30. Rg3 a5 31. Bc1 a4 32. Na1 c5 33. Rxg7 b4 34. axb4 cxb4 35. Rb7 b3 36. Kf1 Rg8 37. Kf2 Rg4 38. Nxb3 Rg8 39. Nd2 Rf8+ 40. Ke2 Na5 41. Ra7 Nc6 42. Rxa4 Nd4+ 43. Rxd4 exd4 44. Nf3 Rg8 45. Kf2 d3 46. Bb2 Rc8 47. Nd4+ Ke5 48. Ke3 Kf6 49. Kxd3 Kg5 50. Nf5 Kg4 51. Ne3+ Kg3 52. Nd5 Kxg2 53. Ne7 Rd8 54. Nc6 Re8 55. Ba3 Rxe4 56. Bxd6 Kh3 57. Kxe4 Kg2 58. Kd5 Kh1 59. Be5 Kg2 60. Nd4 Kh3 61. Nf5 Kg2 1/2-1/2

[Event "Washington op 2nd"]
[Site "Rockville"]
[Date "2013.08.11"]
[Round "9"]
[White "Kane, Jeremy"]
[Black "Martin Del Campo C, Roberto Abel"]
[Result "0-1"]
[WhiteElo "2196"]
[BlackElo "2386"]
[PlyCount "92"]
[EventDate "2013.08.06"]
[EventType "swiss"]
[EventRounds "9"]
[EventCountry "USA"]
[SourceTitle "EXT 2014"]
[Source "ChessBase"]
[SourceDate "2013.11.20"]
[SourceVersion "1"]
[SourceVersionDate "2013.11.20"]
[SourceQuality "1"]

1. d4 Nf6 2. c4 g6 3. Nc3 Bg7 4. Nf3 0-0 5. g3 d6 6. Bg2 c6 7. 0-0 Qa5 8. e4 Bg4 9. h3 Bxf3 10. Bxf3 Nfd7 11. Be3 c5 12. Rb1 Nc6 13. dxc5 Bxc3 14. bxc3 Nxc5 15. Qc2 b6 16. Rfc1 Rae8 17. Be2 Qa4 18. Bxc5 Qxc2 19. Rxc2 bxc5 20. Rcb2 Rb8 21. Rb5 Rfc8 22. Bg4 e6 23. f4 Kf8 24. Bd1 Ke7 25. Rb7+ Kf6 26. Kf2 Rxb7 27. Rxb7 Rb8 28. Rb5 Rb6 29. Ke3 e5 30. h4 h6 31. h5 exf4+ 32. gxf4 g5 33. e5+ dxe5 34. fxe5+ Nxe5 35. Rxc5 Re6 36. Kd4 g4 37. Rxe5 Rxe5 38. Bxg4 Ra5 39. c5 Ke7 40. Kd5 Rxa2 41. Kc6 Kd8 42. Bf3 Ra6+ 43. Kb7 Ra3 44. Bd5 Rxc3 45. c6 f5 46. Kb8 a5 0-1

[Event "Washington op 2nd"]
[Site "Rockville"]
[Date "2013.08.07"]
[Round "3"]
[White "Kane, Jeremy"]
[Black "Sevian, Samuel"]
[Result "0-1"]
[WhiteElo "2196"]
[BlackElo "2388"]
[PlyCount "144"]
[EventDate "2013.08.06"]
[EventType "swiss"]
[EventRounds "9"]
[EventCountry "USA"]
[SourceTitle "EXT 2014"]
[Source "ChessBase"]
[SourceDate "2013.11.20"]
[SourceVersion "1"]
[SourceVersionDate "2013.11.20"]
[SourceQuality "1"]

1. Nf3 d5 2. d4 Nf6 3. c4 c6 4. e3 Bf5 5. Nc3 e6 6. Nh4 Be4 7. f3 Bg6 8. Qb3 Qc7 9. Bd2 Nbd7 10. cxd5 Nxd5 11. Nxg6 hxg6 12. Nxd5 exd5 13. 0-0-0 Be7 14. Kb1 0-0 15. e4 dxe4 16. fxe4 c5 17. Bc4 cxd4 18. Rhf1 Bf6 19. Bf4 Qc5 20. Bd5 Nb6 21. Rc1 Qa5 22. Bc7 Rfe8 23. Qg3 Qb5 24. Bb3 Nd7 25. a4 Qh5 26. Bd5 Be5 27. Bxe5 Nxe5 28. Rf4 Qe2 29. Rf2 Qa6 30. Qb3 Re7 31. Rd2 d3 32. Qb4 Qf6 33. Ka2 Rd8 34. Qd4 Qg5 35. Rcd1 b6 36. h4 Qxh4 37. g3 Qg4 38. Rh1 Nf3 39. Qxd3 Nxd2 40. Qxd2 Qxe4 41. Rh8+ Kxh8 42. Qh2+ Kg8 43. Bxe4 Rxe4 44. b3 b5 45. axb5 Re5 46. b6 axb6 47. g4 Rc5 48. g5 Rxg5 49. Qc7 Ra8+ 50. Kb2 b5 51. Kc3 Rf5 52. Kb4 Re8 53. Qc6 Rfe5 54. Ka5 g5 55. b4 g4 56. Qc3 Re3 57. Qc1 g3 58. Qg1 R8e5 59. Qg2 Ra3+ 60. Kb6 Rg5 61. Qd2 Rg6+ 62. Kxb5 Ra8 63. Qg2 Rb8+ 64. Kc5 Rg5+ 65. Kd6 Rxb4 66. Ke7 Ra5 67. Qh3 Ra7+ 68. Kd6 Rb6+ 69. Ke5 Re7+ 70. Kf4 Rf6+ 71. Kg5 Re5+ 72. Kg4 g2 0-1

[Event "Washington op 2nd"]
[Site "Rockville"]
[Date "2013.08.06"]
[Round "2"]
[White "Yang, Darwin"]
[Black "Kane, Jeremy"]
[Result "1/2-1/2"]
[WhiteElo "2480"]
[BlackElo "2196"]
[PlyCount "104"]
[EventDate "2013.08.06"]
[EventType "swiss"]
[EventRounds "9"]
[EventCountry "USA"]
[SourceTitle "EXT 2014"]
[Source "ChessBase"]
[SourceDate "2013.11.20"]
[SourceVersion "1"]
[SourceVersionDate "2013.11.20"]
[SourceQuality "1"]

1. d4 d5 2. c4 e6 3. Nc3 Be7 4. Bf4 Nf6 5. e3 0-0 6. Qc2 c5 7. dxc5 Qa5 8. a3 Bxc5 9. Rd1 Be7 10. Nf3 Nc6 11. Nd2 e5 12. Bg5 d4 13. Nb3 Qd8 14. Be2 Be6 15. exd4 Nxd4 16. Nxd4 exd4 17. Nb5 Qb6 18. 0-0 Rfd8 19. b4 Rd7 20. Qb2 d3 21. Rxd3 Bxc4 22. Rxd7 Nxd7 23. Bxc4 Bxg5 24. Rd1 Qf6 25. Qe2 Ne5 26. Bd5 Rd8 27. Nxa7 Ng6 28. g3 Qb6 29. Nb5 Bf6 30. a4 Qa6 31. Qa2 Kf8 32. Rc1 Bg5 33. Rc2 Qf6 34. Be4 Ne5 35. Kg2 g6 36. Re2 Nc6 37. Qc4 Nd4 38. Nxd4 Qxd4 39. Qb5 Bd2 40. Bxb7 Qxb4 41. Qxb4+ Bxb4 42. Rb2 Rd4 43. Bc6 f5 44. Kf3 Ke7 45. Bb5 Ba5 46. Rc2 Rd2 47. Rxd2 Bxd2 48. h4 h6 49. Ke2 Ba5 50. f3 Kf6 51. Be8 g5 52. h5 g4 1/2-1/2